| 000 | 00820cam a2200301 4500 | ||
|---|---|---|---|
| 001 | 772114 | ||
| 003 | OSt | ||
| 005 | 20140310184252.0 | ||
| 008 | 730220s1972 paua 001 0 eng | ||
| 010 | _a 72087455 | ||
| 020 | _a9780439672412 | ||
| 040 |
_aDLC _cDLC _dDLC |
||
| 050 | 0 | 0 |
_aPN 1991.55 _b.F325 2004 |
| 100 | 1 |
_aFeltes, Kim. _922784 |
|
| 245 | 1 | 0 |
_aYou're on the air / _cKim Feltes and Elsa Reyes. |
| 260 |
_aNew York : _bScholastic Inc., _c2004. |
||
| 300 |
_a24 p. : _bill. ; _c19 cm. |
||
| 521 | _aG1 | ||
| 526 | _c280 | ||
| 541 | _j1 | ||
| 541 | _j2 | ||
| 541 | _j3 | ||
| 650 | 0 |
_aBroadcasting _xVocational guidance. _922785 |
|
| 700 |
_aReyes, Elsa. _922786 |
||
| 906 |
_a7 _bcbc _corignew _d2 _eopcn _f19 _gy-gencatlg |
||
| 942 |
_2lcc _cBK-SCHOLAS |
||
| 999 |
_c33381 _d33381 |
||